Statistics for NBA Top Defenders Per Position

Click here to take the quiz!

General Stats

  • This quiz has been taken 30 times
  • The average score is 9 of 25

Answer Stats

Answer% Correct
Draymond Green
93%
Danny Green
93%
LeBron James
89%
Giannis Antetokounmpo
78%
Rudy Gobert
74%
Paul George
67%
Russell Westbrook
44%
Marcus Smart
44%
Hassan Whiteside
41%
Kyle Lowry
33%
Jrue Holiday
33%
Al Horford
30%
Brook Lopez
30%
Victor Oladipo
26%
Eric Bledsoe
26%
Myles Turner
26%
Thaddeus Young
19%
Andre Iguodala
15%
Robert Covington
15%
Paul Millsap
11%
Nikola Vucevic
11%
Ricky Rubio
11%
Justise Winslow
0%
Garrett Temple
0%
Cory Joseph
0%

Score Distribution

Percentile by Number Answered

Percent of People with Each Score

Your Score History

You have not taken this quiz